000 00396nam a2200145Ia 4500
008 151213s9999 xx 000 0 und d
100 _aP.K. Gupta & D.S. Hira
245 _aProblems in operations research
_cP.K. Gupta & D.S. Hira
260 _aNew Delhi
_bS. Chand
_c2001
300 _a1014 p.
650 _aManagement
650 _aManagement
700 _aP.K. Gupta & D.S. Hira
999 _c1003
_d1003